00740nam a2200157 a 450000500170000000800410001702000180005805000230007610000180009924500940011726000390021130000230025044000280027352002570030165000240055820140412111325.0000818s19uu xx 00 eng d a0-590-10970-7 aTR(PS EbMi68 1998 aGraves, Kelly aMiss Moo goes to the zoo /cwritten by Kelly Graves ; illustrated by Liisa Chauncy Guida. aNew York :bScholastic Inc,c1998. a1 v. (unp.) ; ill. aScholastic side by side aJoin Mis Moo on her quest to find something more exciting than life on the farm. You'll encounter many aniamls along the way-and some are not so friendly! Just when it seems as if there is no place for Miss Moo, she finally finds her special new home. aCow stories-Fiction